| 000 | 01651nam a22002897a 4500 | ||
|---|---|---|---|
| 001 | BRCA_9221 | ||
| 003 | FranzMayer | ||
| 005 | 20220809140233.0 | ||
| 008 | 220726b |||||||| |||| 00| 0 eng d | ||
| 040 |
_bspa _cMFM |
||
| 041 | _aspa | ||
| 050 |
_aND813.C5 _bP45 2020 |
||
| 245 | 0 | 0 |
_aPelegrín Clavé : _bOrigen y sentido (1811-1880) |
| 260 |
_aMéxico : _bInstituto Nacional de Bellas Artes / Museo Nacional de San Carlos _c2020 |
||
| 260 |
_aMéxico : _bMuseo Arocena, _c2020 |
||
| 300 |
_a232 p. : _bil., fot., grab. ; _c24 x 31 cm. |
||
| 490 | _aMuseos y galerías | ||
| 500 | _aUbicación: L59-N5 | ||
| 500 | _aIncluye imagen de pieza del Museo Franz Mayer (p. 119) | ||
| 500 | _aIncluye imágenes de Colección privada comodato en Museo Franz Mayer (pp. 146, 149) | ||
| 500 | _aCatálogo que documenta la investigación realizada para la exposición "Pelegrín Clavé. Origen y sentido (1811-1880)", presentada en el Museo Nacional de San Carlos en la Ciudad de México (15 de noviembre 2019 al 29 de marzo 2020). | ||
| 520 | _aTanto la exposición como esta publicación que la acompaña, se dan a la tarea de ahondar en el papel de Pelegrín Clavé como responsable de la formación de grandes maestros de la pintura nacional, tales como José María Velasco (1840-1912), Santiago Rebull (1829-1902) o Felipe Santiago Gutiérrez (1824-1904). - Dra. Lucía Jiménez López, Directora general del Instituto Nacional de Bellas Artes y Literatura. | ||
| 600 |
_aClavé, Pelegrín, _d1810-1880 _vExposiciones _xHistoria _xArte _928507 |
||
| 650 |
_aArte _xPintura _xBocetos _928508 |
||
| 942 |
_2lcc _cB |
||
| 999 |
_c10840 _d10840 |
||